The nature of tolerance and the social circumstances in which it emerges /

Na minha lista:
Detalhes bibliográficos
Autor principal: Doorn, Marjoka van
Formato: Texto
Tags: Adicionar Tag
Sem tags, seja o primeiro a adicionar uma tag!

MARC

LEADER 00000 a a2200000 04500
001 47238
003
040
100 |a Doorn, Marjoka van  
245 |a The nature of tolerance and the social circumstances in which it emerges /  |c Marjoka van Doorn  
773 |g volumen62, número6, (2014), páginas 905-927  
999 |c 38216  |d 38216